000
00259nam a2200109Ia 4500
008
231212s1946 xx 000 0 und d
041
_a
eng
082
_a
621.3841
100
_a
Chute G.M.
245
_a
Electronics In Industry
260
_a
Delhi
_b
Danapat
_c
1946
999
_c
958986
_d
958986